logo

CONTRA LA BALCANIZACION DE ESPAÑA (Record no. 74745)

MARC details
000 -CABECERA
campo de control de longitud fija 00515nam a2200181Ia 4500
001 - NÚMERO DE CONTROL
campo de control 29626
005 - FECHA Y HORA DE LA ÚLTIMA TRANSACCIÓN
campo de control 20260414093245.0
008 - CÓDIGOS DE INFORMACIÓN DE LONGITUD FIJA
campo de control de longitud fija 260115s9999 xx 000 0 und d
035 ## - NÚMERO DE CONTROL DEL SISTEMA
Número de control de sistema 19735
090 ## - LOCALMENTE ASIGNADO TIPO-LC NÚMERO DE CLASIFICACIÓN (OCLC); NÚMERO DE CLASIFICACIÓN LOCAL (RLIN)
Número de clasificación (OCLC) (R) ; Numero de clasificación CALL (RLIN) (NR) 323.173:94(460)
100 ## - PUNTO DE ACCESO PRINCIPAL - NOMBRE DE PERSONA
Nombre de persona MOA PIO
245 #0 - MENCIÓN DE TÍTULO
Título CONTRA LA BALCANIZACION DE ESPAÑA
260 ## - PUBLICACIÓN, DISTRIBUCIÓN, ETC. (PIE DE IMPRENTA)
Nombre del editor distribuidor etc. LA ESFERA DE LOS LIBROS
Fecha de publicación distribución etc. 2005
630 ## - PUNTO DE ACCESO ADICIONAL DE MATERIA--TÍTULO UNIFORME
Título uniforme POLITICA INTERIOR
650 ## - PUNTO DE ACCESO ADICIONAL DE MATERIA--TÉRMINO DE MATERIA
Término de materia o nombre geográfico como elemento inicial POLITICA
942 ## - ELEMENTOS DE PUNTO DE ACCESO ADICIONAL (KOHA)
Tipo de ítem Koha Monografías
901 ## - ELEMENTOS DE DATOS A LOCAL LDA (RLIN)
a FH
b FH
y BK
p SEH_29626
i 26477
j 323.173:94(460)
c GENERAL
t 1
z 20 CTMS, 217 PAGS, 17,00 €
x 1
Holdings
Estado de retiro Estado de pérdida Estado dañado No para préstamo Localización permanente Ubicación/localización actual Ubicación en estantería Fecha de adquisición Número de inventario Número de registro Total de préstamos Código de barras Fecha visto por última vez Número de copia Precio válido a partir de Tipo de ítem Koha Nota pública
        Servicio de Estudios Históricos Servicio de Estudios Históricos   14/04/2026 26477 26477   SEH_29626 14/04/2026 1 14/04/2026 Monografías 20 CTMS, 217 PAGS, 17,00 €